Catálogo
 En Linea

La autoridad : (Registro nro. 39630)

Detalles MARC
000 -CABECERA
campo de control de longitud fija 00759nam a2200217 a 4500
001 - NÚMERO DE CONTROL
campo de control 000040140
005 - FECHA Y HORA DE LA ÚLTIMA TRANSACCIÓN
campo de control 20201002033937.0
008 - DATOS DE LONGITUD FIJA--INFORMACIÓN GENERAL
campo de control de longitud fija 130808s1979 sp 000 0 spa d
020 ## - NÚMERO INTERNACIONAL ESTÁNDAR DEL LIBRO
Número Internacional Estándar del Libro 8425410584
040 ## - FUENTE DE LA CATALOGACIÓN
Centro catalogador/agencia de origen DO-SdBNP
Lengua de catalogación spa
Centro/agencia transcriptor BNPHU
082 ## - NÚMERO DE LA CLASIFICACIÓN DECIMAL DEWEY
Número de clasificación 262.8
Número de documento/Ítem D671a
100 1# - ENTRADA PRINCIPAL--NOMBRE DE PERSONA
Nombre de persona Dominian, Jack
9 (RLIN) 66410
240 10 - TÍTULO UNIFORME
Título uniforme Authority
Lenguaje de la obra español
245 13 - MENCIÓN DE TÍTULO
Título La autoridad :
Resto del título Interpretación cristiana de la evolución psicológica del concepto de autoridad /
Mención de responsabilidad, etc. Jack Dominian ; traducción Antonio Martínez Riu.
260 ## - PUBLICACIÓN, DISTRIBUCIÓN, ETC.
Lugar de publicación, distribución, etc. Barcelona :
Nombre del editor, distribuidor, etc. Herder,
Fecha de publicación, distribución, etc. 1979.
300 ## - DESCRIPCIÓN FÍSICA
Extensión 171 p. ;
Dimensiones 22 cm.
650 #4 - PUNTO DE ACCESO ADICIONAL DE MATERIA--TÉRMINO DE MATERIA
Término de materia o nombre geográfico como elemento de entrada Autoridad
Subdivisión general Aspectos religiosos
9 (RLIN) 66411
650 #4 - PUNTO DE ACCESO ADICIONAL DE MATERIA--TÉRMINO DE MATERIA
Término de materia o nombre geográfico como elemento de entrada Autoridad
9 (RLIN) 66412
700 12 - PUNTO DE ACCESO ADICIONAL--NOMBRE DE PERSONA
Nombre de persona Martínez Riu, Antonio,
Término indicativo de función/relación tr.
9 (RLIN) 66413
910 ## - DATOS DE OPCIÓN DEL USUARIO (OCLC)
Datos de opción del usuario Validado. Control de calidad MFF
Existencias
Estado de retiro Estado de pérdida Restricciones de uso No para préstamo Código de colección Localización permanente Ubicación/localización actual Ubicación en estantería Fecha de adquisición Número de inventario Total de préstamos Signatura topográfica completa Código de barras Fecha visto por última vez Precio válido a partir de Tipo de ítem Koha
      Excluido de préstamo Monografías: Libros y Folletos General General Depósito 08.08.2013 LF1   262.8 D671a 40140-10 25.06.2020 25.06.2020 No se presta

Con tecnología Koha